| 000 | 00932nam a22002777a 4500 | ||
|---|---|---|---|
| 001 | 9878 | ||
| 003 | FISKH | ||
| 005 | 20260311104238.0 | ||
| 008 | 260311b cb ||||| |||| 00| 0 eng d | ||
| 020 | _a9780545607421 | ||
| 040 |
_aFISKH _beng _cFISKH _dFISKH |
||
| 050 | _aE99 .P85 .P63 | ||
| 082 | _a975.5 | ||
| 100 | _aKrull , Kathleen | ||
| 245 |
_aPocahontas : _bPrincess of the new world / _cBy Kathleen Krull : Pictures by David Diaz |
||
| 260 |
_aNew York : _bScholastic , _c2007. |
||
| 300 |
_a38 unnumbered pages : _bcolor illustrations ; _c27 cm . |
||
| 505 | _aR | ||
| 520 | _aAn illustrated introduction to the life of the Indian princess Pocahontas and her contact with English settlers, especially John Smith. | ||
| 521 | 8 |
_a780
_bLexile |
|
| 521 | 8 |
_aR
_bRaz-Plus |
|
| 650 |
_aNative American _vPicture Book |
||
| 700 |
_aDiaz , David _eIllustrator |
||
| 942 |
_2ddc _cBK _n0 |
||
| 999 |
_c9878 _d9878 |
||